LEADER 01138nam--2200373---450- 001 990003237560203316 005 20090507104413.0 035 $a000323756 035 $aUSA01000323756 035 $a(ALEPH)000323756USA01 035 $a000323756 100 $a20090507d1974----km-y0itay50------ba 101 $aeng 102 $aUS 105 $a||||||||001yy 200 1 $a<> American language$ean inquiry into the development of English in the United States$ethe fourth edition corrected, enlarged, and rewritten$fby H.L. Mencken 205 $a4. edition corrected, enlarged, and rewritten 210 $aNew York$cKnopf$d1974 215 $aXI, 769, XXIX p.$d25 cm 410 0$12001 454 1$12001 461 1$1001-------$12001 606 0 $aLingua inglese$xStoria$yStati Uniti 676 $a420.9 700 1$aMENCKEN,$bH.L.$0187896 801 0$aIT$bsalbc$gISBD 912 $a990003237560203316 951 $aI.21.B.1$b2077 DSLL 959 $aBK 969 $aDSLL 979 $aDSLL$b90$c20090507$lUSA01$h1041 979 $aDSLL$b90$c20090507$lUSA01$h1044 996 $aAmerican language$996068 997 $aUNISA LEADER 01149nam0-2200313 --450 001 9910276259203321 005 20180704141010.0 100 $a20180704d1973----km y0itay50 ----ba 101 0 $aeng 102 $aUS 200 1 $aPhysical requirements of transport systems for large freight containers 210 $aNew York$cUnited Nations$d1973 215 $aviii, 113 p.$cill.$d29 cm 225 1 $a[Document] - United Nations$vST/ECA/170 300 $aIn testa al front.: Department of Economic and Social Affairs. 300 $aPreparato per il segretario generale dal Transportøkonomisk institut (Istituto per l'economia dei trasporti), Oslo, Norvegia. 610 0 $aAutotrasporti$aContainerizzazione 610 0 $aFerrovie$aTrasporto merci 610 0 $aNavi mercantili 676 $a300/.8 s 676 $a621.7/57 712 02$aUnited Nations,$bDepartment of economic and social affairs 801 0$aIT$bUNINA$gRICA$2UNIMARC 901 $aBK 912 $a9910276259203321 952 $aF4/36$b2485$fDINTR 959 $aDINTR 996 $aPhysical requirements of transport systems for large freight containers$91506067 997 $aUNINA LEADER 02709oam 2200613I 450 001 9910462565703321 005 20200520144314.0 010 $a1-299-14748-8 010 $a0-203-15534-3 010 $a1-136-58031-X 024 7 $a10.4324/9780203155349 035 $a(CKB)2670000000325940 035 $a(EBL)1122946 035 $a(OCoLC)827207165 035 $a(SSID)ssj0000832448 035 $a(PQKBManifestationID)11440113 035 $a(PQKBTitleCode)TC0000832448 035 $a(PQKBWorkID)10900596 035 $a(PQKB)10710142 035 $a(MiAaPQ)EBC1122946 035 $a(Au-PeEL)EBL1122946 035 $a(CaPaEBR)ebr10654277 035 $a(CaONFJC)MIL445998 035 $a(OCoLC)841229567 035 $a(EXLCZ)992670000000325940 100 $a20180706d2012 uy 0 101 0 $aeng 135 $aur|n|---||||| 181 $ctxt 182 $cc 183 $acr 200 10$aReNew town $eadaptive urbanism and the low carbon community /$fAndrew Scott, Eran Ben-Joseph 210 1$aAbingdon, Oxon :$cRoutledge,$d2012. 215 $a1 online resource (289 p.) 300 $aIncludes index. 311 $a0-415-67899-4 311 $a0-415-67898-6 327 $aSustainable initiatives -- Research in context -- Assumptions -- Concepts -- Tama New Town -- Initial survey : preliminary propositions -- Abstractions : typologies -- Applied prototypes -- Measuring performance : infrastructures -- Site concepts -- Low density prototypes -- Medium density prototypes -- High density prototypes -- Future directions -- Appendix: carbon calculations. 330 $aReNew Town puts forth an innovative vision of performative design and planning for low-carbon sustainable development, and illustrates practicable strategies for balancing environmental systems with urban infrastructure and new housing prototypes.To date, much of the discourse on the design of sustainable communities and 'eco-cities' has been premised on using previously undeveloped land. In contrast, this book and the project it showcases focus on the retrofitting and adaptation of an existing environment - a more common problem, given the extent of the world' 606 $aSustainable urban development$zJapan 606 $aCity planning$xEnvironmental aspects$zJapan 608 $aElectronic books. 615 0$aSustainable urban development 615 0$aCity planning$xEnvironmental aspects 676 $a307.760952 700 $aScott$b Andrew$f1965-,$0323299 701 $aBen-Joseph$b Eran$0778432 801 0$bMiAaPQ 801 1$bMiAaPQ 801 2$bMiAaPQ 906 $aBOOK 912 $a9910462565703321 996 $aReNew town$91995570 997 $aUNINA